Southville International School and Colleges
Your cart is empty.
  • Cart
  • Lists
    Public lists Eva Luna New books Lux_list list_1
    Your lists Log in to create your own lists
  • Log in to your account
  • Your cookies
  • Search history
Southville International School and Colleges
  • Advanced search
  • Recent comments
  • Most popular
  • Libraries

Log in to your account

Log in with GOOGLE


If you do not have an external account, but do have a local account, you can still log in:

  1. Home
  2. MARC view: The German Classics of the Nineteenth and Twentieth Centuries, Volume 08 :
Normal view MARC view ISBD view

The German Classics of the Nineteenth and Twentieth Centuries, Volume 08 : (Record no. 241828)

[ view plain ]
MARC details
000 -LEADER
fixed length control field 01477cam a22003133a 4500
001 - CONTROL NUMBER
control field 12573
003 - CONTROL NUMBER IDENTIFIER
control field PGUSA
005 - DATE AND TIME OF LATEST TRANSACTION
control field 20140828083254.0
008 - FIXED-LENGTH DATA ELEMENTS--GENERAL INFORMATION
fixed length control field 040601s2004||||xxu|||||s|||||000 | eng d
040 ## - CATALOGING SOURCE
Original cataloging agency PGUSA
Language of cataloging eng
042 ## - AUTHENTICATION CODE
Authentication code dc
050 #4 - LIBRARY OF CONGRESS CALL NUMBER
Classification number PT
245 14 - TITLE STATEMENT
Title The German Classics of the Nineteenth and Twentieth Centuries, Volume 08 :
Remainder of title Masterpieces of German Literature Translated into English
Medium [electronic resource]
260 ## - PUBLICATION, DISTRIBUTION, ETC. (IMPRINT)
Name of publisher, distributor, etc Project Gutenberg,
Date of publication, distribution, etc 2004
505 0# - FORMATTED CONTENTS NOTE
Formatted contents note The Novel of Provincial Life. By Edwin C. Roedder -- AUERBACH: Little Barefoot. (abridged) -- GOTTHELF: Uli, The Farmhand. -- REUTER: The Bräsig Episodes from Ut mine Stromtid. (abridged) -- STIFTER: Rock Crystal. -- Wilhelm Heinrich Riehl. By Otto Heller -- RIEHL: Field and Forest. -- The Eye for Natural Scenery. -- The Musical Ear. -- The Struggle of the Rococo with the Pigtail.
506 ## - RESTRICTIONS ON ACCESS NOTE
Terms governing access Public domain in the USA.
516 ## - TYPE OF COMPUTER FILE OR DATA NOTE
Type of computer file or data note Electronic text
653 ## - INDEX TERM--UNCONTROLLED
Uncontrolled term German literature -- 20th century -- Translations into English
653 ## - INDEX TERM--UNCONTROLLED
Uncontrolled term German literature -- 19th century -- Translations into English
700 1# - ADDED ENTRY--PERSONAL NAME
Personal name Auerbach, Berthold,
Dates associated with a name 1812-1882
700 1# - ADDED ENTRY--PERSONAL NAME
Personal name Gotthelf, Jeremias,
Dates associated with a name 1797-1854
700 1# - ADDED ENTRY--PERSONAL NAME
Personal name Stifter, Adalbert,
Dates associated with a name 1805-1868
700 1# - ADDED ENTRY--PERSONAL NAME
Personal name Francke, Kuno,
Dates associated with a name 1855-1930
700 1# - ADDED ENTRY--PERSONAL NAME
Personal name Riehl, Wilhelm Heinrich,
Dates associated with a name 1823-1897
700 1# - ADDED ENTRY--PERSONAL NAME
Personal name Reuter, Fritz,
Dates associated with a name 1810-1874
830 #0 - SERIES ADDED ENTRY--UNIFORM TITLE
Uniform title Project Gutenberg
Volume number/sequential designation 12573
856 40 - ELECTRONIC LOCATION AND ACCESS
Uniform Resource Identifier <a href="http://www.gutenberg.org/ebooks/12573">http://www.gutenberg.org/ebooks/12573</a>
942 ## - ADDED ENTRY ELEMENTS (KOHA)
Koha item type eBooks
Holdings
Withdrawn status Lost status Damaged status Home library Current library Date acquired Total Checkouts Date last seen Price effective from Koha item type
      Project Gutenberg Project Gutenberg 08/28/2014   08/28/2014 08/28/2014 eBooks

The German Classics of the Nineteenth and Twentieth Centuries, Volume 08 :

APA

Auerbach B., Gotthelf J., Stifter A., Francke K., Riehl W. H. & Reuter F. (2004). The German Classics of the Nineteenth and Twentieth Centuries, Volume 08. : Project Gutenberg.

Chicago

Auerbach Berthold, Gotthelf Jeremias, Stifter Adalbert, Francke Kuno, Riehl Wilhelm Heinrich and Reuter Fritz. 2004. The German Classics of the Nineteenth and Twentieth Centuries, Volume 08. : Project Gutenberg.

Harvard

Auerbach B., Gotthelf J., Stifter A., Francke K., Riehl W. H. and Reuter F. (2004). The German Classics of the Nineteenth and Twentieth Centuries, Volume 08. : Project Gutenberg.

MLA

Auerbach Berthold, Gotthelf Jeremias, Stifter Adalbert, Francke Kuno, Riehl Wilhelm Heinrich and Reuter Fritz. The German Classics of the Nineteenth and Twentieth Centuries, Volume 08. : Project Gutenberg. 2004.

  • Place hold
  • Print
  • Cite
  • Add to your cart (remove)
  • Save record
    BIBTEX Dublin Core MARCXML MARC (non-Unicode/MARC-8) MARC (Unicode/UTF-8) MARC (Unicode/UTF-8, Standard) MODS (XML) RIS
  • More searches
    Search for this title in:
    Other Libraries (WorldCat) Other Databases (Google Scholar) Online Stores (Bookfinder.com) Open Library (openlibrary.org)

Exporting to Dublin Core...

SOUTHVILLE LIBRARY

Southville International School and Colleges Library

1281 Tropical Ave. Cor. Luxembourg St., BF Homes International, Las Pinas City

Tel. No. 8256374 / 252358 Loc. 117/146

Powered by Koha